[Event "9th Aeroflot Open A"]
[Site "Moscow RUS"]
[Date "2010.02.17"]
[Round "9"]
[White "Andriasian,Z"]
[Black "Lenic,L"]
[Result "1/2-1/2"]
[WhiteElo "2613"]
[BlackElo "2595"]

1.e4 e5 2.Nf3 Nc6 3.Bb5 a6 4.Ba4 Nf6 5.O-O b5 6.Bb3 Bb7 7.d3 Be7 8.Nbd2 O-O
9.Re1 d6 10.a3 Nd4 11.Nxd4 exd4 12.c3 dxc3 13.bxc3 c5 14.d4 Re8 15.Bb2 Bf8
16.Bc2 g6 17.d5 Bg7 18.Rb1 Bc8 19.h3 Nd7 20.c4 Bxb2 21.Rxb2 Qf6 22.Qc1 Ne5
23.cxb5 axb5 24.Rxb5 Ba6 25.Rb3 Reb8 26.Rc3 Bb5 27.Nf3 Nxf3+ 28.Rxf3 Qe5
29.Qa1 Qxa1 30.Rxa1 Ba4 31.Rc1 Re8 32.Bd3 Kg7 33.Re3 f6 34.Bc4 Rab8 35.Re2 g5
36.g3 Bd7 37.Kg2 f5 38.Rce1 Rxe4 39.Rxe4 fxe4 40.Rxe4 Kf6 41.Re3 Ra8 42.f4  1/2-1/2

[Event "26th Open"]
[Site "Cappelle la Grande FRA"]
[Date "2010.02.19"]
[Round "8"]
[White "Sprenger,J"]
[Black "Kryvoruchko,Y"]
[Result "0-1"]
[WhiteElo "2508"]
[BlackElo "2598"]

1.e4 e5 2.Nf3 Nc6 3.Bb5 a6 4.Ba4 Nf6 5.O-O b5 6.Bb3 Bb7 7.Re1 Bc5 8.c3 d6
9.d4 Bb6 10.Be3 O-O 11.Nbd2 Rb8 12.Bc2 Re8 13.d5 Bxe3 14.Rxe3 Ne7 15.c4 c6
16.a3 Ba8 17.b4 Qc7 18.dxc6 Nxc6 19.Rc1 Qa7 20.Bb1 Rbd8 21.Qf1 Nd4 22.Nxd4 exd4
23.Ree1 bxc4 24.Qxc4 d5 25.exd5 Bxd5 26.Qf1 g6 27.Bd3 Rxe1 28.Qxe1 Re8 29.Qf1 Re6
30.Re1 Rc6 31.Rc1 Rc3 32.Nb1 Rb3 33.Bxa6 Rb2 34.h3 Ne4 35.Qb5 Be6 36.Bb7 Nd6
37.Qe5 Nxb7  0-1

[Event "CMB Breizh Masters Women"]
[Site "Guingamp-Pabu FRA"]
[Date "2010.02.22"]
[Round "4"]
[White "De Rosa,M"]
[Black "Fruteau,S"]
[Result "1/2-1/2"]
[WhiteElo "2089"]
[BlackElo "2131"]

1.e4 e5 2.Nf3 Nc6 3.Bb5 a6 4.Ba4 Nf6 5.O-O b5 6.Bb3 Bb7 7.d3 Bd6 8.c3 O-O
9.Re1 Na5 10.Bc2 Re8 11.h3 c5 12.Nbd2 Bf8 13.Nf1 g6 14.Ng3 d5 15.exd5 Qxd5
16.Bg5 Bg7 17.Qd2 c4 18.Ne4 Nxe4 19.dxe4 Qxd2 20.Nxd2 Bc6 21.b4 cxb3 22.axb3 Nb7
23.Nf1 a5 24.Ne3 f6 25.Bh4 Red8 26.Red1 g5 27.Bg3 Bf8 28.Nd5 Kf7 29.f3 Bc5+
30.Bf2 Bxf2+ 31.Kxf2 Bxd5 32.exd5 Rac8 33.c4 bxc4 34.bxc4 Rxc4 35.Bxh7 a4
36.Bf5 Nd6 37.Be6+ Ke7 38.Rdc1 Rb8 39.Rxc4 Nxc4 40.Rxa4 Rb2+ 41.Ke1 Nb6 42.Ra7+ Kd6
43.Rb7 Rb4 44.g3 f5 45.h4 gxh4 46.gxh4 e4 47.h5 exf3 48.Kf2 Ke5 49.Kxf3 Rf4+
50.Kg3 Rg4+ 51.Kh3 Nxd5 52.Bxd5 Kxd5 53.Re7 Kd6 54.Re1 Kd7 55.Re5 Rg1 56.Rxf5 Ke6
57.Rf3 Ke5 58.Kh4 Ke6 59.h6 Rg6 60.Kh5 Rf6 61.Re3+ Kf7 62.h7 Kg7 63.Re7+ Kh8
64.Kg5 Rf5+ 65.Kxf5  1/2-1/2

[Event "Gotth' Art Cup IM"]
[Site "Szentgotthard HUN"]
[Date "2010.03.02"]
[Round "8"]
[White "Feher,Ad"]
[Black "Baratosi,D"]
[Result "0-1"]
[WhiteElo "2260"]
[BlackElo "2396"]

1.e4 e5 2.Nf3 Nc6 3.Bb5 a6 4.Ba4 Nf6 5.O-O b5 6.Bb3 Bb7 7.c3 Nxe4 8.d4 exd4
9.Re1 d5 10.Ng5 Be7 11.Rxe4 dxe4 12.Nxf7 Qd7 13.Nxh8 O-O-O 14.Nf7 Rf8 15.cxd4 Qxd4
16.Qe2 Qf6 17.Bg5 Qf5 18.Bxe7 Nxe7 19.Qe3 Nd5 20.Qh3 Qxh3 21.gxh3 Rxf7 22.Nc3 Rf5
23.Nxe4 Nf4 24.f3 Nxh3+ 25.Kg2 Nf4+ 26.Kg3 Ne2+ 27.Kg2 Nd4 28.Rd1 Nxb3 29.axb3 Re5
30.Re1 g5 31.Kg3 h6 32.b4 Bc6 33.h4 Kd8 34.hxg5 hxg5 35.Rd1+ Ke7 36.Rd4 Bd5
37.Nc5 c6 38.Ne4 Bxe4 39.fxe4 Kf6 40.Kf3 Re6 41.Rd8 Ke5 42.Ke3 Rg6 43.Re8+ Kd6
44.Kf3 g4+ 45.Kg3 Rg5 46.Kf4 Rg7 47.Kg3 Rg6 48.Ra8 Ke5 49.Rxa6 Kxe4 50.Ra1 Rd6
51.Re1+ Kf5 52.Rf1+ Kg5 53.Rc1 Rd3+ 54.Kg2 Rb3 55.Rxc6 Rxb2+ 56.Kg3 Rb3+
57.Kf2 Rxb4 58.Rc8 Rb3 59.Rb8 Kf4 60.Rf8+ Ke4  0-1

[Event "11th EICC Women"]
[Site "Rijeka CRO"]
[Date "2010.03.12"]
[Round "7"]
[White "Ziaziulkina,N"]
[Black "Zawadzka,J"]
[Result "1/2-1/2"]
[WhiteElo "2188"]
[BlackElo "2404"]

1.e4 e5 2.Nf3 Nc6 3.Bb5 a6 4.Ba4 Nf6 5.O-O b5 6.Bb3 Bb7 7.d3 Be7 8.Re1 O-O
9.Nbd2 d6 10.a4 Nd7 11.axb5 axb5 12.Rxa8 Bxa8 13.Nf1 Nc5 14.Bd5 Ne6 15.c3 Qd7
16.Ne3 Nf4 17.Ba2 Nd8 18.Nf5 Ng6 19.d4 exd4 20.N3xd4 Bf6 21.Qg4 Kh8 22.Bg5 Bxg5
23.Qxg5 Ne6 24.Qg3 Re8 25.f3 Nef4 26.Nh4 Nd3 27.Nxg6+ hxg6 28.Rb1 Ne5 29.Rd1 Bb7
30.Bb3 Ra8 31.f4 Nc4 32.f5 Qe8 33.fxg6 fxg6 34.Re1 Qe5 35.Qxe5 Nxe5 36.Nxb5 Nd3
37.Rf1 Bxe4 38.Nxc7 Rb8 39.Bd5 Bxd5 40.Nxd5 Rxb2 41.Rd1 Ne5 42.Ne7 Rb7 43.Nc8 Rc7
44.Nxd6 Rxc3 45.Ne4 Rc8 46.Ng5 Kg8 47.Rf1 Ng4 48.h3 Nf6 49.Ra1 Re8 50.Ra6 Re5
51.Ra8+  1/2-1/2

[Event "TCh-FIN 2009-10"]
[Site "Finland FIN"]
[Date "2010.03.20"]
[Round "8"]
[White "Topi Hulmi,T"]
[Black "Rantanen,Y"]
[Result "0-1"]
[WhiteElo "2266"]
[BlackElo "2355"]

1.e4 e5 2.Nf3 Nc6 3.Bb5 a6 4.Ba4 Nf6 5.O-O b5 6.Bb3 Bb7 7.Re1 Bc5 8.c3 d6
9.d4 Ba7 10.a4 O-O 11.axb5 axb5 12.Bg5 h6 13.Bh4 g5 14.Nxg5 hxg5 15.Bxg5 exd4
16.Rxa7 Rxa7 17.cxd4 Ra1 18.Re3 Re8 19.Rf3 Nxd4 20.Rxf6 Bxe4 21.Qg4 Bf5 22.Bxf7+ Kf8
23.Ba2+ Qxf6 24.Bh6+ Qxh6  0-1

[Event "TOP 16 GpA"]
[Site "Marseille FRA"]
[Date "2010.04.30"]
[Round "5"]
[White "Bailet,P"]
[Black "Geenen,M"]
[Result "1-0"]
[WhiteElo "2367"]
[BlackElo "2327"]

1.e4 e5 2.Nf3 Nc6 3.Bb5 a6 4.Ba4 Nf6 5.O-O b5 6.Bb3 Bb7 7.Re1 Bc5 8.c3 d6
9.d4 Bb6 10.Bg5 h6 11.Bh4 g5 12.Bg3 O-O 13.a4 Re8 14.axb5 axb5 15.Rxa8 Bxa8
16.d5 Na5 17.Bc2 c6 18.dxc6 Bxc6 19.Nbd2 Nh5 20.b4 Nb7 21.Nf1 Nf4 22.Ne3 Bxe3
23.Rxe3 d5 24.exd5 Qxd5 25.Qxd5 Nxd5 26.Rxe5 Nxc3 27.Rxe8+ Bxe8 28.Be5 Na2
29.Be4 Nd8 30.Nd4 Nxb4 31.Nf5 Bc6 32.Bb1 Nd5 33.Nxh6+ Kf8 34.Nf5 Ne6 35.Ba2 b4
36.Ne3 Nc3 37.Bd6+ Kg8 38.Bc4 Bb5 39.Bxb5 Nxb5 40.Bxb4 Nbd4 41.f3 Kh7 42.Kf2 f5
43.Nd5 f4 44.Bc3 Kg6 45.Bb2 Nf5 46.Ba1 Nc5 47.Nb4 Nd7 48.Nd3 Kf7 49.Bc3 Kg6
50.Ba5 Nd4 51.Bc7 Ne6 52.Bd6 Nd4 53.Be7 Nc6 54.Ba3 Nd4 55.h4 gxh4 56.Nxf4+ Kf5
57.Nd3 Nc6 58.Bd6 Nb6 59.Kg1 Nc4 60.Bc7 Kg5 61.Kh2 Ne3 62.Bf4+  1-0

[Event "VIII World's Youth Stars"]
[Site "Kirishi RUS"]
[Date "2010.05.11"]
[Round "3"]
[White "Bernadskiy,V"]
[Black "Sethuraman,S"]
[Result "0-1"]
[WhiteElo "2330"]
[BlackElo "2493"]

1.e4 e5 2.Nf3 Nc6 3.Bb5 a6 4.Ba4 Nf6 5.O-O b5 6.Bb3 Bb7 7.d3 Be7 8.a4 O-O
9.axb5 axb5 10.Rxa8 Qxa8 11.Nc3 b4 12.Nd5 Nxd5 13.Bxd5 d6 14.Bg5 Bxg5 15.Nxg5 h6
16.Nf3 Nd4 17.Nxd4 Bxd5 18.Nf5 Be6 19.Qg4 Bxf5 20.exf5 Qc6 21.f6 g6 22.f4 Qc5+
23.Kh1 Qxc2 24.Qh3 Kh7 25.f5 Rg8 26.Qf3 gxf5 27.Qxf5+ Rg6 28.g4 Qc6+ 29.Kg1 Qd5
30.Rf4 Qc5+ 31.Rf2 Qc1+ 32.Kg2 Qg5 33.Kg3 Qxf5 34.Rxf5 Rg8 35.h4 Ra8 36.h5 Ra1
37.Kg2 Rb1 38.Rf2 Rd1 39.Rc2 c5 40.b3 Rxd3 41.Ra2 Rd4 42.Ra7 Rxg4+ 43.Kh3 Rf4
44.Rxf7+ Kg8 45.Rg7+ Kf8 46.Rg6 d5 47.Rxh6 c4 48.bxc4 dxc4 49.Rh8+ Kf7 50.Rb8 c3
51.Rb7+ Kxf6 52.h6 Kg5 53.h7 Rh4+ 54.Kg3 Rxh7 55.Rxb4 Rc7 56.Rb1 c2 57.Rc1 e4
58.Kf2 Kf4 59.Ke2 e3 60.Rf1+ Ke5 61.Rc1 Kd4  0-1

[Event "ch-HUN w"]
[Site "Nagykanizsa HUN"]
[Date "2010.05.14"]
[Round "1"]
[White "Papp,P"]
[Black "Varga,Kl"]
[Result "1/2-1/2"]
[WhiteElo "2270"]
[BlackElo "2223"]

1.e4 e5 2.Nf3 Nc6 3.Bb5 a6 4.Ba4 Nf6 5.O-O b5 6.Bb3 Bb7 7.d3 Bc5 8.c3 Bb6
9.a4 h6 10.Re1 Ng4 11.Re2 Qe7 12.h3 Nf6 13.axb5 axb5 14.Rxa8+ Bxa8 15.Na3 g5
16.Be3 Bxe3 17.fxe3 Na7 18.Rf2 Rg8 19.Nh2 h5 20.Rf5 d6 21.Qe1 Rg7 22.Qg3 Ng8
23.h4 f6 24.hxg5 Nh6 25.g6 Nxf5 26.exf5 d5 27.Qh4 Qc5 28.d4 exd4 29.exd4 Qe7
30.Nf3 Bb7 31.Qxh5 c6 32.Nc2 Nc8 33.Qh8+ Qf8 34.Qxf8+ Kxf8 35.g4 Nd6 36.Ne3 Bc8
37.Bc2 Nc4 38.Nxc4 bxc4 39.b3 cxb3 40.Bxb3 Rb7 41.Nd2 Re7 42.Kf2 Ba6 43.Bd1 Bd3
44.Nb3 Bb5 45.Nc5 Ra7 46.Ne6+ Ke7 47.g7 Ra8 48.Ke3 Kf7 49.g5 fxg5 50.Bh5+ Kf6
51.Bg6 Rg8 52.Kf3 Rxg7 53.Nxg7 Kxg7 54.Be8 Kf6 55.Bd7 Ba4 56.Ke3 Bb5 57.Kf3 Ba4
58.Kg4 Bd1+ 59.Kg3 Ba4 60.Kf3 Bb5  1/2-1/2

[Event "VIII World's Youth Stars"]
[Site "Kirishi RUS"]
[Date "2010.05.18"]
[Round "9"]
[White "Bernadskiy,V"]
[Black "Zherebukh,Y"]
[Result "0-1"]
[WhiteElo "2330"]
[BlackElo "2567"]

1.e4 e5 2.Nf3 Nc6 3.Bb5 a6 4.Ba4 Nf6 5.O-O b5 6.Bb3 Bb7 7.d3 Be7 8.Nbd2 O-O
9.Re1 d6 10.a3 Nd4 11.Nxd4 exd4 12.c3 d5 13.e5 Ne8 14.cxd4 c6 15.f4 Bc8 16.Nf3 g6
17.Be3 Ng7 18.Qc2 Bd7 19.Ba2 a5 20.a4 bxa4 21.Qxa4 Rb8 22.Bd2 Bb4 23.Bc3 Rb5
24.Qc2 Bg4 25.Qf2 Qb6 26.Nd2 a4 27.Nb1 Bxc3 28.bxc3 Rb2 29.Nd2 a3 30.Rec1 Qa6
31.c4 Qa5 32.Nb3 Qb6 33.Qh4 h5 34.Qe7 Rxb3 35.Bxb3 Qxb3 36.Qxa3 Qxa3 37.Rxa3 Ne6
38.cxd5 cxd5 39.h3 Bf5 40.Kf2 Nxf4 41.Ke3 Nxg2+ 42.Kf3 Nh4+ 43.Kf4 Be6 44.Kg5 Nf3+
45.Kf6 Bxh3 46.Rca1 Re8 47.Ra8 Bc8 48.R1a6 Nxd4 49.Rd6 h4 50.Rxd5 Nf3 51.Rd6 h3
52.Rc6 Bd7 53.Rxe8+ Bxe8 54.Rc8 Kf8 55.e6 fxe6 56.Rc7 h2 57.Rh7 Kg8 58.Rh3 g5
59.d4 g4 60.Rh6 g3 61.Rh3 g2 62.Rg3+ Kf8 63.Rh3 g1=Q  0-1

[Event "XXIX Open A"]
[Site "Zalakaros HUN"]
[Date "2010.05.27"]
[Round "2"]
[White "Nagy,Ga1"]
[Black "Ovsejevitsch,S"]
[Result "0-1"]
[WhiteElo "2338"]
[BlackElo "2600"]

1.e4 e5 2.Nf3 Nc6 3.Bb5 a6 4.Ba4 Nf6 5.O-O b5 6.Bb3 Bb7 7.c3 Nxe4 8.d4 Na5
9.Bc2 exd4 10.Bxe4 Bxe4 11.Re1 d5 12.Nxd4 c5 13.f3 cxd4 14.fxe4 Be7 15.Qxd4 O-O
16.exd5 Re8 17.Rd1 Nc4 18.b3 Bf6 19.Qf2 Nd6 20.Be3 Ne4 21.Qf3 b4 22.Nd2 Nxd2
23.Bxd2 Qb6+ 24.Kh1 bxc3 25.Bxc3 Re3 26.Ba5 Qa7 27.Qf2 Bxa1 28.Rxa1 Rd3 29.Qe2 Rxd5
30.b4 Qd7 31.Re1 h6 32.h3 Rd2 33.Qe4 Qd5 34.Qxd5 Rxd5 35.a4 Rc8 36.Re2 Rd1+
37.Kh2 Ra1  0-1

[Event "NAO"]
[Site "Stillwater USA"]
[Date "2010.05.30"]
[Round "8"]
[White "Anglin,Warren"]
[Black "Jahnke,Gregg"]
[Result "1-0"]
[WhiteElo "1839"]
[BlackElo "1841"]

1.e4 e5 2.Nf3 Nc6 3.Bb5 a6 4.Ba4 Nf6 5.O-O b5 6.Bb3 Bb7 7.c3 Bc5 8.Re1 d6
9.d4 exd4 10.cxd4 Bb6 11.Bg5 h6 12.Bh4 g5 13.Bg3 Nh5 14.e5 Nxg3 15.exd6+ Kf8
16.dxc7 Qf6 17.hxg3 g4 18.Ne5 Nxe5 19.Rxe5 Bxc7 20.Re2 Bb6 21.Rd2 Rd8 22.d5 h5
23.Nc3 h4 24.Qxg4 hxg3 25.Ne4 gxf2+ 26.Nxf2 Bxd5 27.Bxd5 Rxd5 28.Qb4+ Kg8
29.Qg4+ Rg5 30.Qc8+ Kg7 31.Qc3 Qxc3 32.bxc3 Ba5 33.Rc2 Rg3 34.Rac1 Rc8 35.c4 Rxc4
36.Rxc4 bxc4 37.Rxc4 Ra3 38.Rc2 Bb6 39.Kf1 a5 40.Ne4 f6 41.Nc3 Kg6 42.Ke2 Bd4
43.Nb5 Re3+ 44.Kd2 Bb6 45.a4 Re6 46.Rc3 Bd8 47.Re3 Rxe3 48.Kxe3 Kg5 49.Kf3 Kf5
50.Nd4+ Kg5 51.Ne6+  1-0

[Event "45th Capablanca Mem Open"]
[Site "Havana CUB"]
[Date "2010.06.16"]
[Round "6"]
[White "Ruiz Sanchez,O"]
[Black "Arencibia Rodriguez,W"]
[Result "1-0"]
[WhiteElo "2381"]
[BlackElo "2500"]

1.e4 e5 2.Nf3 Nc6 3.Bb5 a6 4.Ba4 Nf6 5.O-O b5 6.Bb3 Bb7 7.d3 Bd6 8.a3 O-O
9.Nc3 h6 10.Ne2 Re8 11.Ng3 Bf8 12.Bd2 d5 13.Bc3 Qd7 14.Re1 d4 15.Bd2 Nd8
16.Nh4 Ne6 17.Rf1 Nf4 18.Bxf4 exf4 19.Nh5 Qd8 20.g3 c5 21.Ng2 c4 22.Ba2 fxg3
23.Nxf6+ Qxf6 24.fxg3 Qc6 25.Rf2 Rac8 26.Qf1 Rc7 27.b3 cxd3 28.b4 Qxe4 29.Rxf7  1-0

[Event "45th Capablanca Mem Open"]
[Site "Havana CUB"]
[Date "2010.06.18"]
[Round "8"]
[White "Gutierrez,L"]
[Black "Marrero Lopez,Yan"]
[Result "0-1"]
[WhiteElo "2000"]
[BlackElo "2316"]

1.e4 e5 2.Nf3 Nc6 3.Bb5 a6 4.Ba4 Nf6 5.O-O b5 6.Bb3 Bb7 7.Re1 Bd6 8.c3 O-O
9.d3 h6 10.Nbd2 Re8 11.Nf1 Bf8 12.Ng3 Na5 13.Bc2 c5 14.h3 Nc6 15.Nh2 d5 16.Ng4 d4
17.Nf5 dxc3 18.bxc3 b4 19.Qf3 Nxg4 20.Qxg4 Kh7 21.Bb3 Qf6 22.Bd5 bxc3 23.Rb1 Bc8
24.Rb6 Bd7 25.h4 Reb8 26.Bg5 Qg6 27.h5 Qxg5 28.Qxg5 hxg5 29.Bxc6 Rxb6 30.Bxa8 Bxf5
31.exf5 c2  0-1

[Event "IsBank TCh-TUR"]
[Site "Konya TUR"]
[Date "2010.06.29"]
[Round "1"]
[White "Nikolova,A"]
[Black "Ozturk,Ku"]
[Result "1-0"]
[WhiteElo "2318"]
[BlackElo "2273"]

1.e4 e5 2.Nf3 Nc6 3.Bb5 a6 4.Ba4 Nf6 5.O-O b5 6.Bb3 Bb7 7.c3 Nxe4 8.d4 exd4
9.Re1 d5 10.Ng5 Qd7 11.f3 h6 12.Nxf7 Qxf7 13.fxe4 O-O-O 14.Bxd5 Qf6 15.Rf1 Qd6
16.a4 dxc3 17.bxc3 Ne5 18.Bxb7+ Kxb7 19.Qxd6 Bxd6 20.Be3 Ng4 21.Bd4 Bxh2+
22.Kh1 Be5 23.axb5 axb5 24.Na3 Bxd4 25.cxd4 Rxd4 26.Nxb5 Rb4 27.Nc3 Re8 28.Rf7 Rc4
29.Nb5 Rh8 30.Rff1 Rb4 31.Nc3 Re8 32.Rf7 Rc4 33.Nb5 Ra8 34.Re1 Kb6  1-0

[Event "IsBank TCh-TUR"]
[Site "Konya TUR"]
[Date "2010.06.30"]
[Round "3"]
[White "Majdan,J"]
[Black "Ozturk,Ku"]
[Result "1/2-1/2"]
[WhiteElo "2348"]
[BlackElo "2273"]

1.e4 e5 2.Nf3 Nc6 3.Bb5 a6 4.Ba4 Nf6 5.O-O b5 6.Bb3 Bb7 7.d3 Be7 8.Re1 d6
9.a4 O-O 10.Nbd2 h6 11.Nf1 Re8 12.Ne3 Bf8 13.Bd2 Nd7 14.axb5 axb5 15.Rxa8 Bxa8
16.Nf5 Nc5 17.Ba2 Ne6 18.c3 Ne7 19.d4 Ng6 20.d5 Nef4 21.Bc1 Ne7 22.Nxe7+ Qxe7
23.Bxf4 exf4 24.Nd4 Rb8 25.b4 g6 26.Qd3 Qe8 27.Bb3 Bg7 28.Ra1 c6 29.dxc6 Bxc6
30.f3 Ra8 31.Qb1 Bd7 32.Bd5 Rc8 33.Qd3 Qe5 34.Kf1 Be8 35.Ra7 Kf8 36.Nxb5 Bxb5
37.Rxf7+ Kg8 38.Qxb5 Kh7 39.c4 Qa1+ 40.Ke2 Qb2+ 41.Kf1 Qc1+ 42.Ke2 Qc2+ 43.Kf1 Qd1+
44.Kf2 Qd2+ 45.Kf1 Qd1+ 46.Kf2 Qd2+ 47.Kf1 Qd1+  1/2-1/2

[Event "IsBank TCh-TUR"]
[Site "Konya TUR"]
[Date "2010.06.30"]
[Round "3"]
[White "Zdebskaja,N"]
[Black "Yildiz,B"]
[Result "1/2-1/2"]
[WhiteElo "2383"]
[BlackElo "2229"]

1.e4 e5 2.Nf3 Nc6 3.Bb5 a6 4.Ba4 Nf6 5.O-O b5 6.Bb3 Bb7 7.Re1 Bc5 8.c3 d6
9.d4 Bb6 10.Be3 h6 11.h3 O-O 12.Nbd2 Re8 13.d5 Ne7 14.Bxb6 cxb6 15.a4 Qd7
16.c4 Ng6 17.Qe2 Nf4 18.Qe3 N6h5 19.Nh4 Qd8 20.Nf5 b4 21.Bd1 Nf6 22.Qg3 Ng6
23.c5 dxc5 24.Nc4 Bc8 25.Ncd6 Bxf5 26.Nxf5 Qd7 27.h4 Nxe4 28.Nxh6+ gxh6 29.Rxe4 Kh7
30.h5 Nf4 31.Rxf4 exf4 32.Bc2+ Kh8 33.Qxf4 Kg7 34.Rd1 Rad8 35.d6 Qe6 36.Rd3 Kf8
37.Rd1  1/2-1/2

[Event "IsBank TCh-TUR"]
[Site "Konya TUR"]
[Date "2010.07.05"]
[Round "8"]
[White "Ushenina,A"]
[Black "Yildiz,B"]
[Result "1-0"]
[WhiteElo "2468"]
[BlackElo "2229"]

1.e4 e5 2.Nf3 Nc6 3.Bb5 a6 4.Ba4 Nf6 5.O-O b5 6.Bb3 Bb7 7.d3 Be7 8.Re1 O-O
9.Nbd2 d6 10.a3 Na5 11.Ba2 c5 12.Nf1 h6 13.Ne3 Re8 14.Nh4 c4 15.Nhf5 Bf8
16.Bd2 g6 17.Ng4 Nxg4 18.Qxg4 h5 19.Qg3 Kh7 20.Ne3 Re7 21.dxc4 Bxe4 22.cxb5 axb5
23.Nd5 Bxd5 24.Bxd5 Rc7 25.Bxa8 Qxa8 26.Bxa5 Qxa5 27.c3 Qa4 28.Qd3 Qb3 29.Re2 f5
30.Qd1 Qc4 31.Rd2 Rc5 32.Qe2 Qe6 33.h3 Bh6 34.Rdd1 e4 35.a4 bxa4 36.Rxa4 Bg7
37.Ra7 d5 38.Qa6 Qe5 39.Qb6 Rc4 40.Ra6 Qe8 41.Rxd5 f4 42.Qe6  1-0

[Event "9th Open"]
[Site "La Fere FRA"]
[Date "2010.07.05"]
[Round "3"]
[White "Lucas,B"]
[Black "Rouffignac,T"]
[Result "0-1"]
[WhiteElo "1674"]
[BlackElo "1891"]

1.e4 e5 2.Nf3 Nc6 3.Bb5 a6 4.Ba4 Nf6 5.O-O b5 6.Bb3 Bb7 7.d4 Nxd4 8.Nxe5 Nxb3
9.axb3 Bd6 10.Nf3 Nxe4 11.Qd4 O-O 12.Nc3 Nxc3 13.bxc3 Bxf3 14.gxf3 Re8 15.f4 Qe7
16.Be3 Qe4 17.Qd2 Re6 18.Rfe1 Rg6+ 19.Kf1 Re8 20.Rxa6 Qg2+  0-1

[Event "9th Open"]
[Site "La Fere FRA"]
[Date "2010.07.08"]
[Round "7"]
[White "Mataigne,J"]
[Black "Rouffignac,T"]
[Result "1/2-1/2"]
[WhiteElo "2054"]
[BlackElo "1891"]

1.e4 e5 2.Nf3 Nc6 3.Bb5 a6 4.Ba4 Nf6 5.O-O b5 6.Bb3 Bb7 7.c3 Nxe4 8.Re1 d5
9.d3 Nc5 10.Nxe5 Nxe5 11.Rxe5+ Ne6 12.Qf3 c6 13.d4 Bd6 14.Re1 O-O 15.a4 Re8
16.Nd2 Re7 17.Qd1 Qc7 18.Nf3 Rae8 19.axb5 axb5 20.Be3 Bc8 21.Bc2 Nf4 22.Bxf4 Bxf4
23.Rxe7 Qxe7 24.Qf1 f6 25.Re1  1/2-1/2

[Event "38th TCh-GRE DivA"]
[Site "Peristeri GRE"]
[Date "2010.07.08"]
[Round "4"]
[White "Balogh,C"]
[Black "Kryvoruchko,Y"]
[Result "1/2-1/2"]
[WhiteElo "2628"]
[BlackElo "2609"]

1.e4 e5 2.Nf3 Nc6 3.Bb5 a6 4.Ba4 Nf6 5.O-O b5 6.Bb3 Bb7 7.d3 Be7 8.Re1 O-O
9.Nc3 d6 10.a3 h6 11.Ne2 Re8 12.Ng3 Bf8 13.c3 Ne7 14.d4 Ng6 15.Bc2 Qd7 16.b3 c6
17.Be3 Ng4 18.Bd2 Nf6 19.Bd3 Rad8 20.Qc2 Qc7 21.a4 Nf4 22.Bf1 Ra8 23.h3 Ne6
24.Be3 g6 25.b4 Bg7 26.dxe5 dxe5 27.c4 bxa4 28.c5 a5 29.Rxa4 axb4 30.Rxb4 Ba6
31.Reb1  1/2-1/2

[Event "ch-TUR w"]
[Site "Konya TUR"]
[Date "2010.07.12"]
[Round "5"]
[White "Menzi,N"]
[Black "Yildiz,B"]
[Result "0-1"]
[WhiteElo "1851"]
[BlackElo "2235"]

1.e4 e5 2.Nf3 Nc6 3.Bb5 a6 4.Ba4 Nf6 5.O-O b5 6.Bb3 Bb7 7.Re1 Bc5 8.c3 d6
9.d4 Bb6 10.Be3 h6 11.h3 O-O 12.Nbd2 Re8 13.d5 Ne7 14.Bxb6 cxb6 15.Bc2 Ng6
16.Bd3 Bc8 17.a4 bxa4 18.Rxa4 Re7 19.Qc2 Rea7 20.Rea1 Nf4 21.Bf1 N6h5 22.Nb3 g5
23.Nc1 Kh8 24.Nh2 Qf6 25.Ng4 Qg6 26.g3 Nxd5 27.Qb3 Ndf6 28.Nxf6 Nxf6 29.Qxb6 Nxe4
30.Bg2 Bb7 31.Bxe4 Bxe4 32.Rxa6 Rxa6 33.Rxa6 Rxa6 34.Qxa6 Qe6 35.Qe2 Bc6
36.Kh2 Qd5 37.Qf1 Qd2 38.b4 Qxc3 39.b5 Bd7 40.b6 Qb2 41.Nb3 Bc6 42.Na5 Qxb6
43.Nxc6 Qxc6 44.Qd3 d5 45.f4 gxf4 46.gxf4 Qc4 47.Qf5 Qxf4+ 48.Qxf4 exf4 49.Kg2 d4  0-1

[Event "4th LCT"]
[Site "Leiden NED"]
[Date "2010.07.13"]
[Round "5"]
[White "Rijnaarts,S"]
[Black "Van der Wiel,J"]
[Result "1/2-1/2"]
[WhiteElo "2264"]
[BlackElo "2467"]

1.e4 e5 2.Nf3 Nc6 3.Bb5 a6 4.Ba4 Nf6 5.O-O b5 6.Bb3 Bb7 7.Re1 Bc5 8.h3 O-O
9.d3 d6 10.a3 h6 11.Nbd2 Re8 12.Nf1 d5 13.c3 dxe4 14.dxe4 Na5 15.Qxd8 Raxd8
16.Bc2 Bb6 17.Ng3 c5 18.b3 c4 19.b4 Nb3 20.Bxb3 cxb3 21.Be3 Bxe3 22.Rxe3 Nd7
23.Rb1 Nb6 24.Rxb3 Nc4 25.Re1 Rd3 26.Ra1 Red8 27.Rbb1 Rxc3 28.a4 Rcd3 29.axb5 axb5
30.Kh2 Bc8  1/2-1/2

[Event "ch-TUR w"]
[Site "Konya TUR"]
[Date "2010.07.14"]
[Round "9"]
[White "Menzi,N"]
[Black "Nurlu,Selin"]
[Result "1/2-1/2"]
[WhiteElo "1851"]
[BlackElo "1616"]

1.e4 e5 2.Nf3 Nc6 3.Bb5 a6 4.Ba4 Nf6 5.O-O b5 6.Bb3 Bb7 7.Re1 Bc5 8.c3 d6
9.d4 Bb6 10.Be3 O-O 11.h3 h6 12.Nbd2 exd4 13.cxd4 Nb4 14.Qb1 c5 15.a3 Nc6
16.dxc5 dxc5 17.Bd1 Re8 18.Qc2 c4 19.Bxb6 Qxb6 20.Be2 Rad8 21.Rad1 Nd4 22.Nxd4 Rxd4
23.Bf3 Re5 24.Qc3 Nxe4 25.Nxe4 Rxd1 26.Rxd1 Rxe4 27.Bxe4 Bxe4 28.Qe3 Qg6
29.Qg3 Qf6 30.Qc3 Qg6 31.Rd8+ Kh7 32.f3 Bxf3 33.Rd2 Be4 34.Qe5 Bd3 35.Qf4  1/2-1/2

[Event "Open A"]
[Site "Oberwart AUT"]
[Date "2010.07.18"]
[Round "6"]
[White "Neumeier,K"]
[Black "Huber,Mart AUT"]
[Result "1-0"]
[WhiteElo "2380"]
[BlackElo "1951"]

1.e4 e5 2.Nf3 Nc6 3.Bb5 a6 4.Ba4 Nf6 5.O-O b5 6.Bb3 Bb7 7.c3 Nxe4 8.d4 exd4
9.Re1 d5 10.Ng5 Qd7 11.Rxe4+ dxe4 12.Bxf7+ Ke7 13.Be6 Qd6 14.Bb3 Nd8 15.cxd4 h6
16.Nxe4 Bxe4 17.Qe1 Nc6 18.Qxe4+ Kd7 19.Qg4+ Kd8 20.Bf4 Qf6 21.Nc3 Ne7 22.Re1 Ra7
23.Be6 h5 24.Qf3 b4 25.Nd5  1-0

[Event "XIX ch-Macedonia Open"]
[Site "Struga MKD"]
[Date "2010.07.20"]
[Round "4"]
[White "Organdziev,O"]
[Black "Stojanovski,K"]
[Result "1-0"]
[WhiteElo "2307"]
[BlackElo "2125"]

1.e4 e5 2.Nf3 Nc6 3.Bb5 a6 4.Ba4 Nf6 5.O-O b5 6.Bb3 Bb7 7.d3 Be7 8.a4 d6
9.Bg5 O-O 10.Nc3 Na7 11.axb5 axb5 12.Ne2 Nc6 13.Ng3 Nd7 14.Be3 Na5 15.Ba2 g6
16.Bh6 Re8 17.Qd2 Nc6 18.Ng5 Bxg5 19.Bxg5 Qc8 20.f4 Nd8 21.f5 d5 22.fxg6 fxg6
23.exd5 Nf8 24.Ne4 Nd7 25.Bb3 Rxa1 26.Rxa1 Nf7 27.d6 Bxe4 28.dxe4 Kg7 29.Bxf7 Kxf7
30.Ra7 c6 31.Rc7  1-0

[Event "Corporation Centre Cup"]
[Site "Izhevsk RUS"]
[Date "2010.07.22"]
[Round "8"]
[White "Mokshanov,A"]
[Black "Zaynutdinov,I"]
[Result "1-0"]
[WhiteElo "2255"]
[BlackElo "1998"]

1.e4 e5 2.Nf3 Nc6 3.Bb5 a6 4.Ba4 Nf6 5.O-O b5 6.Bb3 Bb7 7.Re1 Bc5 8.c3 d6
9.d4 Bb6 10.a4 O-O 11.Bg5 h6 12.Bh4 g5 13.Bg3 Qe7 14.Bd5 Nd7 15.dxe5 dxe5
16.b4 Rad8 17.Qc1 Qf6 18.axb5 axb5 19.Na3 Ba6 20.Nc4 bxc4 21.Rxa6 Nxb4 22.cxb4 Bxf2+
23.Bxf2 Qxa6 24.Bxc4 Qb7 25.Nxg5 Nf6 26.Bc5 Nd7 27.Nxf7 Rxf7 28.Qxh6 Nxc5
29.Bxf7+ Kxf7 30.Rf1+ Ke7 31.Qf6+  1-0

[Event "Andorra Open"]
[Site "La Massana AND"]
[Date "2010.07.23"]
[Round "7"]
[White "Almagro Llamas,P"]
[Black "Balogh,C"]
[Result "0-1"]
[WhiteElo "2451"]
[BlackElo "2628"]

1.e4 e5 2.Nf3 Nc6 3.Bb5 a6 4.Ba4 Nf6 5.O-O b5 6.Bb3 Bb7 7.Re1 Bc5 8.c3 d6
9.d4 Bb6 10.a4 O-O 11.Na3 h6 12.Be3 exd4 13.cxd4 Na5 14.d5 c6 15.dxc6 Bxc6
16.axb5 axb5 17.Nd2 Re8 18.Bc2 Bxe3 19.Rxe3 d5 20.Rd3 b4 21.exd5 Nxd5 22.Nac4 Nxc4
23.Nxc4 Rxa1 24.Qxa1 Qh4 25.Nd6 Re2 26.Rg3 Qf4  0-1

[Event "Andorra Open"]
[Site "La Massana AND"]
[Date "2010.07.24"]
[Round "8"]
[White "Shiven,K"]
[Black "Delorme,Ax"]
[Result "0-1"]
[WhiteElo "2335"]
[BlackElo "2455"]

1.e4 e5 2.Nf3 Nc6 3.Bb5 a6 4.Ba4 Nf6 5.O-O b5 6.Bb3 Bb7 7.d3 Bd6 8.a4 O-O
9.Nc3 b4 10.Nd5 Na5 11.Ne3 Nxb3 12.cxb3 Re8 13.Nc4 Bf8 14.Bg5 h6 15.Bxf6 Qxf6
16.Na5 Bc8 17.Qc2 Qb6 18.Nc4 Qc5 19.Rac1 d6 20.Qe2 Qa7 21.Rfd1 Be6 22.d4 exd4
23.Nxd4 Bd5 24.f3 f5 25.Ne3 Bf7 26.Nc6 Qb7 27.Nd5 fxe4 28.fxe4 Re6 29.Qf3 Bg6
30.e5 dxe5 31.Nce7+ Kh8 32.Rxc7 Qb8 33.Qg4 Bf7 34.Qe4 Rxe7 35.Rxe7 Bxe7 36.Nxe7  0-1

[Event "Tch-POR 1st Div Final"]
[Site "Vila Nova de Gaia POR"]
[Date "2010.07.24"]
[Round "1.1"]
[White "Martins,Man"]
[Black "Maltez,N"]
[Result "1/2-1/2"]
[WhiteElo "1940"]
[BlackElo "2024"]

1.e4 e5 2.Nf3 Nc6 3.Bb5 a6 4.Ba4 Nf6 5.O-O b5 6.Bb3 Bb7 7.c3 Nxe4 8.Re1 Nc5
9.Nxe5 Nxe5 10.Rxe5+ Ne6 11.d4 Bd6 12.Re1 Qh4 13.h3 O-O 14.Qg4 Qxg4 15.hxg4 Rfe8
16.Bxe6 fxe6 17.Be3 e5 18.Nd2 exd4 19.Bxd4 Bf4 20.Nf1 g6 21.Rad1 d6 22.Kh1 Kf7
23.Kg1 Rxe1 24.Rxe1 Bd5 25.b3 a5 26.g3 Bh6 27.f4 a4 28.g5 Bf8 29.Ne3 Be6
30.c4 axb3 31.axb3 b4 32.Ra1 Rxa1+ 33.Bxa1 c6 34.g4 Ke7 35.f5 Bf7 36.Kf2 d5
37.cxd5 cxd5 38.Bd4 Kd7 39.Kf3 Bd6 40.Nc2 Kc6 41.Be3 Bc5 42.Nd4+ Bxd4 43.Bxd4 Kd6
44.Kf4 Be8 45.Bg7 Ke7 46.Ke5 Bf7 47.Kd4 Bg8 48.Kc5 d4 49.Kxb4 d3 50.Bc3 h5
51.gxh5 gxh5 52.Bd2 Kd6 53.Kc3 Ke5 54.Kxd3 Bxb3 55.f6 Kf5  1/2-1/2

[Event "Arctic Chess Challenge"]
[Site "Tromso NOR"]
[Date "2010.08.05"]
[Round "6"]
[White "Kobalia,M"]
[Black "Hansen,TR"]
[Result "1-0"]
[WhiteElo "2648"]
[BlackElo "2419"]

1.e4 e5 2.Nf3 Nc6 3.Bb5 a6 4.Ba4 Nf6 5.O-O b5 6.Bb3 Bb7 7.d3 Be7 8.a4 O-O
9.Re1 d6 10.c3 h6 11.Nbd2 Re8 12.Nf1 Bf8 13.Ng3 Qd7 14.d4 exd4 15.cxd4 Nb4
16.d5 c6 17.dxc6 Nxc6 18.Bd2 Ne5 19.Bc3 Rab8 20.axb5 axb5 21.h3 b4 22.Bd4 Nxf3+
23.Qxf3 Nh7 24.h4 g6 25.h5 g5 26.Ra7 Re7 27.Nf5 Re6 28.Bd5 Nf6 29.Nxh6+ Bxh6
30.Bxe6  1-0